[Event "ACT-ch"]
[Site "Canberra"]
[Date "2016.02.21"]
[Round "9"]
[White "Gianquitto, Benjamin"]
[Black "Walker, Joshua"]
[Result "0-1"]
[WhiteElo "993"]
[BlackElo "1813"]
[PlyCount "68"]
[EventDate "2016.02.12"]
[EventType "swiss"]
[EventRounds "9"]
[EventCountry "AUS"]
[SourceTitle "CBM 171 Extra"]
[Source "ChessBase"]
[SourceDate "2016.04.26"]
[SourceVersion "1"]
[SourceVersionDate "2016.04.26"]
[SourceQuality "1"]

1. d4 d5 2. Nf3 Nf6 3. e3 Bg4 4. Bd3 e6 5. Nbd2 c5 6. c3 Nc6 7. Qb3 Qc7 8. c4 Bd6 9. cxd5 exd5 10. Bb5 0-0 11. h3 c4 12. Qc2 Nb4 13. Qd1 Bxf3 14. Nxf3 Nd3+ 15. Kf1 Ne4 16. Qe2 Ndxf2 17. Rg1 Ng3+ 18. Kxf2 Nxe2 19. Kxe2 a6 20. Ba4 b5 21. Bc2 f5 22. Bd2 Rae8 23. Rad1 Bg3 24. Rdf1 a5 25. Ng5 h6 26. Nf3 b4 27. b3 c3 28. Bc1 f4 29. Ne5 fxe3 30. Bxe3 Bxe5 31. dxe5 Qxe5 32. Rxf8+ Kxf8 33. Rf1+ Kg8 34. Rf3 d4 0-1

[Event "ACT-ch"]
[Site "Canberra"]
[Date "2016.02.21"]
[Round "8"]
[White "Xu, Ruofan"]
[Black "Gianquitto, Benjamin"]
[Result "0-1"]
[WhiteElo "1471"]
[BlackElo "993"]
[PlyCount "126"]
[EventDate "2016.02.12"]
[EventType "swiss"]
[EventRounds "9"]
[EventCountry "AUS"]
[SourceTitle "CBM 171 Extra"]
[Source "ChessBase"]
[SourceDate "2016.04.26"]
[SourceVersion "1"]
[SourceVersionDate "2016.04.26"]
[SourceQuality "1"]

1. e4 e5 2. Nf3 Nf6 3. d4 exd4 4. Nxd4 d6 5. Nc3 g6 6. Bg5 Bg7 7. Qf3 0-0 8. Nd5 Nbd7 9. Nb5 c6 10. Nxf6+ Nxf6 11. Nc3 Re8 12. Bd3 d5 13. 0-0 Qd6 14. Bxf6 Bxf6 15. Rfe1 dxe4 16. Nxe4 Rxe4 17. Qxe4 Bd7 18. c3 Bf5 19. Qf3 Qxd3 20. Qxd3 Bxd3 21. Rad1 Bb5 22. Rd7 Rb8 23. Rc7 a5 24. f4 Kg7 25. g4 Bd8 26. Rd7 Bb6+ 27. Kg2 c5 28. Rd5 Bc6 29. c4 Bxd5+ 30. cxd5 Rd8 31. Rd1 c4 32. Kf3 f5 33. h3 Bc5 34. a4 Rd6 35. Rd2 Rb6 36. Ke2 Bd6 37. Ke3 Rb3+ 38. Kd4 Bxf4 39. Re2 Rxh3 40. gxf5 gxf5 41. Kxc4 Rh6 42. Kc5 b6+ 43. Kb5 Rd6 44. Rc2 Rxd5+ 45. Kxb6 Be3+ 46. Kb7 f4 47. Rg2+ Kh6 48. Kc6 f3 49. Rg3 Rf5 50. Rh3+ Rh5 51. Rxf3 Bc1 52. b3 Kg6 53. Kb6 Bd2 54. Rd3 Bb4 55. Kc6 Rg5 56. Kd7 h5 57. Ke6 Rg4 58. Rd8 h4 59. Rg8+ Kh5 60. Rh8+ Kg5 61. Kd5 Kf4 62. Kd4 Kg3+ 63. Ke3 h3 0-1

[Event "ACT-ch"]
[Site "Canberra"]
[Date "2015.03.08"]
[Round "5"]
[White "Lee, Joshua"]
[Black "Gianquitto, Benjamin"]
[Result "1-0"]
[WhiteElo "1191"]
[BlackElo "927"]
[PlyCount "131"]
[EventDate "2015.03.06"]
[EventType "swiss"]
[EventRounds "7"]
[EventCountry "AUS"]
[SourceTitle "CBM 165 Extra"]
[Source "ChessBase"]
[SourceDate "2015.04.21"]
[SourceVersion "1"]
[SourceVersionDate "2015.04.21"]
[SourceQuality "1"]

1. e4 e5 2. Nf3 Nf6 3. Nc3 Bc5 4. Bc4 Nc6 5. 0-0 d6 6. h3 0-0 7. d3 Be6 8. Bb5 Nd4 9. Nxd4 Bxd4 10. Ne2 Bb6 11. Bg5 c6 12. Ba4 h6 13. Bh4 d5 14. exd5 Bxd5 15. Ng3 Bc5 16. Ne2 Be7 17. Nc3 b5 18. Bxf6 Bxf6 19. Nxd5 Qxd5 20. Bb3 Qd7 21. Rb1 Rfe8 22. Re1 a5 23. a4 Rad8 24. axb5 cxb5 25. Qf3 a4 26. Ba2 Re7 27. Qe4 Qb7 28. Rbd1 Qxe4 29. Rxe4 Rd4 30. Rxd4 exd4 31. Kf1 b4 32. Re1 Rxe1+ 33. Kxe1 Bg5 34. Kd1 g6 35. g3 Kg7 36. f4 Bf6 37. Ke2 g5 38. Kf3 Kg6 39. fxg5 hxg5 40. g4 Bg7 41. Ke4 Bh8 42. Kd5 f5 43. gxf5+ Kxf5 44. Kc5 Kf4 45. Kxb4 Kg3 46. Be6 Kf3 47. Kxa4 Ke3 48. b4 Kd2 49. Bb3 Kc3 50. b5 Kd2 51. b6 Kc3 52. b7 Be5 53. Kb5 Bh2 54. Kc6 Kd2 55. Kd7 Kc3 56. Kc8 Be5 57. b8Q Bxb8 58. Kxb8 Kb4 59. Kc7 Kc5 60. Kd7 Kb4 61. Kd6 Kc3 62. Kd5 Kd2 63. Kxd4 Ke2 64. c4 Kf3 65. c5 Kg3 66. Be6 1-0

[Event "ACT-ch"]
[Site "Canberra"]
[Date "2015.03.07"]
[Round "3"]
[White "Tsiokantis, Costa"]
[Black "Gianquitto, Benjamin"]
[Result "0-1"]
[WhiteElo "100"]
[BlackElo "927"]
[PlyCount "62"]
[EventDate "2015.03.06"]
[EventType "swiss"]
[EventRounds "7"]
[EventCountry "AUS"]
[SourceTitle "CBM 165 Extra"]
[Source "ChessBase"]
[SourceDate "2015.04.21"]
[SourceVersion "1"]
[SourceVersionDate "2015.04.21"]
[SourceQuality "1"]

1. e4 e5 2. Nf3 Nf6 3. d4 d6 4. Bg5 Be7 5. Bc4 0-0 6. dxe5 dxe5 7. Nxe5 Qxd1+ 8. Kxd1 Be6 9. Bxe6 fxe6 10. Nc3 Nc6 11. Nb5 Nxe5 12. Bxf6 Rxf6 13. Nxc7 Rd8+ 14. Ke1 a6 15. h3 Bd6 16. Rd1 Kf7 17. f4 Rxf4 18. Rf1 Rxf1+ 19. Kxf1 Nc4 20. b3 Ne3+ 21. Ke1 Nxd1 22. Nxe6 Bg3+ 23. Ke2 Kxe6 24. Kf3 Be5 25. g4 Rd2 26. c4 Rxa2 27. b4 Ra4 28. Ke2 Nc3+ 29. Kd3 Rxb4 30. c5 Rxe4 31. g5 a5 0-1

[Event "ACT-ch"]
[Site "Canberra"]
[Date "2015.03.06"]
[Round "1"]
[White "Gianquitto, Benjamin"]
[Black "Butler, Brian J"]
[Result "0-1"]
[WhiteElo "927"]
[BlackElo "1790"]
[PlyCount "100"]
[EventDate "2015.03.06"]
[EventType "swiss"]
[EventRounds "7"]
[EventCountry "AUS"]
[SourceTitle "CBM 165 Extra"]
[Source "ChessBase"]
[SourceDate "2015.04.21"]
[SourceVersion "1"]
[SourceVersionDate "2015.04.21"]
[SourceQuality "1"]

1. d4 Nf6 2. Nf3 b6 3. e3 e6 4. Bd3 Bb7 5. Nbd2 d5 6. b3 Be7 7. Bb2 Nbd7 8. Qe2 0-0 9. 0-0-0 a5 10. Rdg1 a4 11. Kb1 axb3 12. cxb3 Ba3 13. g4 Bxb2 14. Kxb2 Qe7 15. Nb1 c5 16. g5 Ne4 17. Bxe4 dxe4 18. Ne5 cxd4 19. Nxd7 Qxd7 20. Rd1 d3 21. Rhe1 Bd5 22. Qd2 Rxa2+ 23. Kxa2 Qa4+ 24. Na3 Qxb3+ 25. Ka1 Ra8 26. Qb2 Rxa3+ 27. Kb1 Qc2+ 28. Qxc2 dxc2+ 29. Kxc2 Ra2+ 30. Kb1 Rxf2 31. Ka1 Rxh2 32. Rc1 g6 33. Rh1 Rxh1 34. Rxh1 b5 35. Kb2 b4 36. Rh2 f5 37. gxf6 h5 38. Rh4 Kf7 39. Rf4 g5 40. Rf2 h4 41. Kc1 h3 42. Rh2 g4 43. Kd1 Kxf6 44. Ke1 b3 45. Kf2 b2 46. Rh1 Ba2 47. Kg3 b1Q 48. Rxb1 Bxb1 49. Kh2 Kg5 50. Kg3 Bd3 0-1